Normal view
MARC view
- Amir Muslim,
Entry Personal Name
001 - CONTROL NUMBER
- control field: 8946
003 - CONTROL NUMBER IDENTIFIER
- control field: OSt
005 - DATE AND TIME OF LATEST TRANSACTION
- control field: 20170726124322.0
008 - FIXED-LENGTH DATA ELEMENTS
- fixed length control field: 170726|| aca||aabn | a|a d
040 ## - CATALOGING SOURCE
- Original cataloging agency: OSt
- Transcribing agency: OSt
100 ## - HEADING--PERSONAL NAME
- Personal name: Amir Muslim,
- Relator term: translator.
670 ## - SOURCE DATA FOUND
- Source citation: Work cat.: (OSt)0: Phillips, Patricia Pulliam, author. 8942, ASAS PENTING ROI :

PORTAL AKMAL
E-MEL JKDM
AKMAL2U
G-BAM
u-PUSTAKA